Statistics for Hit Songs Photo Challenge

Click here to take the quiz!

General Stats

  • This quiz has been taken 45 times
    (32 since last reset)
  • The average score is 13 of 24

Answer Stats

Answer% Correct
Call Me / Maybe
96%
Eye of the Tiger
93%
Happy
93%
Royals
85%
Sugar, Sugar
85%
TiK ToK
81%
Moves Like Jagger
74%
Shape of You
70%
Candle in the Wind
63%
American Pie
59%
Bette Davis Eyes
56%
Ebony and Ivory
52%
End of the Road
48%
You’re So Vain
48%
I Want to Hold Your Hand
44%
All About That Bass
41%
Stayin’ Alive
37%
Tie a Yellow Ribbon Round the Ole Oak Tree
33%
I Heard It Through the Grapevine
30%
Abracadabra
22%
Formation
22%
Shadow Dancing
19%
Upside Down
19%
Aquarius
4%

Score Distribution

Percentile by Number Answered

Percent of People with Each Score

Your Score History

You have not taken this quiz since the last reset